000 00480nam a2200169Ia 4500
008 151213s9999 xx 000 0 und d
020 _a7014-962-2
100 _aRajendra Pal , J.S. Korlahalli
245 _aEssential of Business Communication
_cRajendra Pal , J.S. Korlahalli
250 _a10th
260 _aNew Delhi
_bSultan Chand & Sons
_c2002
300 _a6061 p.
650 _aBusiness
650 _aBusiness
700 _aRajendra Pal , J.S. Korlahalli
999 _c3461
_d3461